000 00414nam a2200181Ia 4500
008 210210b1956 xxu||||| |||| 00| 0 eng d
041 _aeng
082 _a824/293
100 _a-
245 _aShakespeare survey No 9
260 _aCambridge
_bAt the University Press.
_c1956
650 _asurvey
650 _aShakespeare
650 _aNo
650 _a9
690 _aEnglish Criticism
906 _a014243
999 _c133375
_d133375